Countries by Their 10 Largest Cities - Africa - Statistics

General Stats
  • This quiz has been taken 77 times
  • The average score is 7 of 9
Answers on the Map
Answers color-coded by a green-red scale on the quiz's map according to % correct below.
 
Answer Stats
Pays % Correct
1 Egypt
97%
3 Algeria
87%
2 Nigeria
85%
8 Morocco
81%
6 South Africa
81%
4 Angola
72%
9 Democratic Republic of the Congo
72%
5 Ivory Coast
63%
7 Kenya
61%
No matching quizzes found
Score Distribution
Percent of People with Each Score
Percentile by Number Answered
Your Score History
You have not taken this quiz